LIBRARY & INFORMATION CENTRE, KCAET, TAVANUR

ONLINE PUBLIC ACCESS CATALOGUE (OPAC)

Propagation of Horticultural plants / (Record no. 793)

MARC details
000 -LEADER
fixed length control field 00452cam a2200169ua 4500
041 ## - LANGUAGE CODE
Language code of text/sound track or separate title eng
082 ## - DEWEY DECIMAL CLASSIFICATION NUMBER
Classification number 631.53
Item number ADR/PR
100 ## - MAIN ENTRY--AUTHOR NAME
Personal name Adriance, Guy.W .
245 ## - TITLE STATEMENT
Title Propagation of Horticultural plants /
250 ## - EDITION STATEMENT
Edition statement 2 /
260 ## - PUBLICATION, DISTRIBUTION, ETC. (IMPRINT)
Place of publication New Delhi :
Name of publisher Tata Mc-Graw Hill Publishing Company ,
Year of publication 1960.
300 ## - PHYSICAL DESCRIPTION
Number of Pages 298 ; .
700 1# - ADDED ENTRY--PERSONAL NAME
Personal name Brison, Fred.R .
942 ## - ADDED ENTRY ELEMENTS (KOHA)
Koha item type Books
Holdings
Withdrawn status Lost status Damaged status Home library Current library Date acquired Full call number Accession Number Koha item type
      KAUAET KAUAET 07/04/2012 631.53 13635 Books
free website counter